The valuation of lands and heritages : issued by Alex Walker

Bibliographic Details
Other Authors: Walker, Alex
Format: Book
Published: 10 edition W. Green and sons limited , 1924
Edinburgh :
Subjects:

MARC

LEADER 00000cam a2200000 7i4500
001 0000008709
005 20170104.0
040 |a INS 
090 0 0 |a KDC817   |b A97 1924 
240 0 0 |a Acts of parliament 
245 1 4 |a The valuation of lands and heritages :   |b issued by Alex Walker 
260 |a 10 edition 
260 |a Edinburgh :   |b W. Green and sons limited ,   |c 1924 
300 |a 59p.p ;   |c 20 cm. 
650 0 |a Real property   |x Valuation   |z Scotland 
650 0 0 |a Land   |x Law and Legislations 
650 0 0 |a Land   |x Valuation 
700 1 |a Walker, Alex 
999 |a 0000022239   |b BOOK   |c Open Shelf   |e Default branch